| 000 | 00439nam a22001577a 4500 | ||
|---|---|---|---|
| 003 | OSt | ||
| 005 | 20240416121551.0 | ||
| 008 | 240416b |||||||| |||| 00| 0 eng d | ||
| 040 | _cMRSPTU | ||
| 100 | _aNasreen Tasleema (ਤਸਲੀਮਾ ਨਸਰੀਨ) | ||
| 245 | _aAurat De Haq Wich (ਔਰਤ ਦੇ ਹੱਕ ਵਿੱਚ) | ||
| 250 | _a1st | ||
| 260 |
_aPunjab _bLokgeet Publication _c1997 |
||
| 300 | _a249 | ||
| 942 |
_2ddc _cBK _n0 |
||
| 999 |
_c10050 _d10050 |
||